000
00314nam a2200133Ia 4500
100
_a
Buffa/E.S
942
_c
BK
654
_a
Modern Production Operation
245
_a
Modern Production Operations Management
260
_b
Wiley eastern
_a
New Delhi
_c
1985
082
_a
658.5
300
_a
681
546
_a
ENGLISH
999
_c
22663
_d
22663